Crisi econòmica i transformacions en el mercat de treball : l'associacionisme de treball a Catalunya / Isabel Vidal Martínez l'associacionisme de treball a Catalunya / Isabel Vidal Martínez
ISBN:
84-505-5105-6
Descripción Física:
282 p. ; 24 cm
Colección:
Biblioteca Prat de la Riba ; 5
MARC
| LEADER | 00000nam a2200000Ia 4500 | ||
|---|---|---|---|
| 001 | 6113 | ||
| 008 | 160829s1987 xx 000 0 cat d | ||
| 020 | |a 84-505-5105-6 | ||
| 080 | |a M-2-70 | ||
| 100 | |a Vidal Martínez, Isabel |9 28562 | ||
| 245 | |a Crisi econòmica i transformacions en el mercat de treball : |b l'associacionisme de treball a Catalunya / Isabel Vidal Martínez | ||
| 260 | |a Barcelona : |b Diputació de Barcelona, |c 1987 | ||
| 300 | |a 282 p. ; |c 24 cm | ||
| 490 | |a Biblioteca Prat de la Riba ; 5 | ||
| 590 | |a Hi ha un exemplar en castellà amb R. 14389 | ||
| 650 | |a Cooperatives de treball associat |x Catalunya |9 28563 | ||
| 650 | |a Cooperativisme |x Catalunya |9 28564 | ||
| 650 | |a Crisis econòmiques |x Catalunya |9 28565 | ||
| 901 | |a Arxiu | ||
| 942 | |n 1 | ||
| 952 | |0 0 |1 0 |4 0 |6 M270 |7 1 |9 44867 |a Arxiu |b Arxiu |d 2016-12-01 |l 0 |o M-2-70 |p 6113 |r 2016-12-01 00:00:00 |w 2016-12-01 |y ARXIU | ||
| 999 | |c 47465 |d 47465 | ||